<?xml version="1.0" encoding="UTF-8"?>
<record
    xmlns:xsi="http://www.w3.org/2001/XMLSchema-instance"
    xsi:schemaLocation="http://www.loc.gov/MARC21/slim http://www.loc.gov/standards/marcxml/schema/MARC21slim.xsd"
    xmlns="http://www.loc.gov/MARC21/slim">

  <leader>01870cam a2200301 i 4500</leader>
  <controlfield tag="001">18519824</controlfield>
  <controlfield tag="005">20160926142411.0</controlfield>
  <controlfield tag="008">150309s2015    enka   frb    001 0 eng d</controlfield>
  <datafield tag="010" ind1=" " ind2=" ">
    <subfield code="a">  2015005302</subfield>
  </datafield>
  <datafield tag="020" ind1=" " ind2=" ">
    <subfield code="z">1472460308</subfield>
  </datafield>
  <datafield tag="020" ind1=" " ind2=" ">
    <subfield code="z">9781472460301</subfield>
  </datafield>
  <datafield tag="040" ind1=" " ind2=" ">
    <subfield code="a">DLC</subfield>
    <subfield code="b">eng</subfield>
    <subfield code="c">DLC</subfield>
    <subfield code="d">EG-ScBUE </subfield>
  </datafield>
  <datafield tag="042" ind1=" " ind2=" ">
    <subfield code="a">pcc</subfield>
  </datafield>
  <datafield tag="043" ind1=" " ind2=" ">
    <subfield code="a">f------</subfield>
    <subfield code="a">a------</subfield>
  </datafield>
  <datafield tag="082" ind1="0" ind2="4">
    <subfield code="2">22</subfield>
    <subfield code="a">658.80088297</subfield>
    <subfield code="b">ALS</subfield>
  </datafield>
  <datafield tag="100" ind1="1" ind2=" ">
    <subfield code="a">Alserhan, Baker Ahmad.</subfield>
    <subfield code="9">41243</subfield>
  </datafield>
  <datafield tag="245" ind1="1" ind2="4">
    <subfield code="a">The principles of Islamic marketing /</subfield>
    <subfield code="c">Baker Ahmad Alserhan, Qatar University.</subfield>
  </datafield>
  <datafield tag="260" ind1=" " ind2=" ">
    <subfield code="a">Surrey, England :</subfield>
    <subfield code="b">Gower Publishing Limited ;</subfield>
    <subfield code="a">Burlington, Vermont :</subfield>
    <subfield code="b">Gower Publishing Company,</subfield>
    <subfield code="c">c.2015.</subfield>
  </datafield>
  <datafield tag="300" ind1=" " ind2=" ">
    <subfield code="a">xii, 246 p. :</subfield>
    <subfield code="b">ill. ;</subfield>
    <subfield code="c">25 cm</subfield>
  </datafield>
  <datafield tag="500" ind1=" " ind2=" ">
    <subfield code="a">Index : p. 233-246.</subfield>
  </datafield>
  <datafield tag="504" ind1=" " ind2=" ">
    <subfield code="a">Includes bibliographical references.</subfield>
  </datafield>
  <datafield tag="505" ind1=" " ind2=" ">
    <subfield code="a">Pt.1, Understanding islamic marketing: Maqasid al shariah and the Islamic economy : an introduction -- Islamic business ideals -- The Islamic market (souq) -- Pt.2, The Islamic marketing mix:
The Islamic product (tayyibat) -- Islamic pricing practices --
Islamic promotions and promoting to Muslims -- Islamic logistics (halal logistics) -- Pt.3, Issues in Islamic marketing:
Muslim consumer behaviour -- Islamic branding : concepts and background -- Islamic branding 2: brands as good deeds --
Islamic hospitality -- Islamic marketing and branding : a strategic perspective.</subfield>
  </datafield>
  <datafield tag="520" ind1=" " ind2=" ">
    <subfield code="a">Covering the aspects and values of Islamic business thought, this title provides a framework and practical perspectives for understanding and implementing the Islamic marketing code of conduct. It identifies the features of the Islamic structure of International Marketing practices and ethics.</subfield>
  </datafield>
  <datafield tag="650" ind1=" " ind2="7">
    <subfield code="a">Markets</subfield>
    <subfield code="z">Islamic countries.</subfield>
    <subfield code="2">BUEsh</subfield>
    <subfield code="9">41244</subfield>
  </datafield>
  <datafield tag="650" ind1=" " ind2="7">
    <subfield code="a">Islamic countries </subfield>
    <subfield code="9">41245</subfield>
    <subfield code="x">Commerce.</subfield>
  </datafield>
  <datafield tag="653" ind1=" " ind2=" ">
    <subfield code="b">BUSADM</subfield>
    <subfield code="c">September2016</subfield>
  </datafield>
  <datafield tag="942" ind1=" " ind2=" ">
    <subfield code="2">ddc</subfield>
    <subfield code="e">22</subfield>
    <subfield code="k">658.80088297 ALS</subfield>
  </datafield>
  <datafield tag="999" ind1=" " ind2=" ">
    <subfield code="c">22412</subfield>
    <subfield code="d">22384</subfield>
  </datafield>
  <datafield tag="952" ind1=" " ind2=" ">
    <subfield code="0">0</subfield>
    <subfield code="1">0</subfield>
    <subfield code="2">ddc</subfield>
    <subfield code="4">0</subfield>
    <subfield code="7">0</subfield>
    <subfield code="8">Baccah</subfield>
    <subfield code="a">MAIN</subfield>
    <subfield code="b">MAIN</subfield>
    <subfield code="c">1ST</subfield>
    <subfield code="d">2016-09-26</subfield>
    <subfield code="e">Purchase</subfield>
    <subfield code="g">880.00</subfield>
    <subfield code="l">2</subfield>
    <subfield code="m">12</subfield>
    <subfield code="o">658.80088297 ALS</subfield>
    <subfield code="p">000033503</subfield>
    <subfield code="r">2025-07-15 00:00:00</subfield>
    <subfield code="s">2018-09-10</subfield>
    <subfield code="y">BB</subfield>
  </datafield>
</record>
